Two miserable presidents / (Record no. 3667)

MARC details
000 -LEADER
fixed length control field 00978nam a22002657a 4500
001 - CONTROL NUMBER
control field 3667
003 - CONTROL NUMBER IDENTIFIER
control field FISKH
005 - DATE AND TIME OF LATEST TRANSACTION
control field 20240521084859.0
008 - FIXED-LENGTH DATA ELEMENTS--GENERAL INFORMATION
fixed length control field 240404b cb ||||| |||| 00| 0 eng d
040 ## - CATALOGING SOURCE
Original cataloging agency FISK
Language of cataloging eng
Transcribing agency FISK
Modifying agency FISK
050 ## - LIBRARY OF CONGRESS CALL NUMBER
Classification number E468.S545
082 ## - DEWEY DECIMAL CLASSIFICATION NUMBER
Classification number 973.7
100 ## - MAIN ENTRY--PERSONAL NAME
Personal name Sheinkin Steve
Dates associated with a name 1968-
245 ## - TITLE STATEMENT
Title Two miserable presidents /
Statement of responsibility, etc. Steve Sheinkin
260 ## - PUBLICATION, DISTRIBUTION, ETC.
Place of publication, distribution, etc. New York :
Name of publisher, distributor, etc. Scholastic,
Date of publication, distribution, etc. 2010
300 ## - PHYSICAL DESCRIPTION
Extent 244 pages :
Other physical details illustrations,
Dimensions 20 cm
490 ## - SERIES STATEMENT
Materials specified Everything your schoolbooks didn't tell you about the civil war
505 ## - FORMATTED CONTENTS NOTE
Formatted contents note Q
520 ## - SUMMARY, ETC.
Summary, etc. A narrative history of the United States provides the funny, fascinating, and thoroughly compelling bits that played a part in the start of the Civil War, from the Congressional confrontations to the personal issues that threatened America's very existence.
521 8# - TARGET AUDIENCE NOTE
Target audience note 920
Source Lexile
521 8# - TARGET AUDIENCE NOTE
Target audience note Q
Source Raz-Plus
700 ## - ADDED ENTRY--PERSONAL NAME
Personal name Steve Sheinkin
942 ## - ADDED ENTRY ELEMENTS (KOHA)
Source of classification or shelving scheme Dewey Decimal Classification
Koha item type Books
Suppress in OPAC No
Holdings
Withdrawn status Lost status Source of classification or shelving scheme Damaged status Not for loan Collection Home library Current library Shelving location Date acquired Total Checkouts Full call number Barcode Date last seen Copy number Price effective from Koha item type
    Dewey Decimal Classification     Non-Fiction Footprints International School Library Network Toul Kork Campus Footprints International School Library Network Toul Kork Campus TTP Secondary Non-Fiction Bookshelves 04/04/2024   SHE E468.S545 973.7 2024-0470 04/04/2024 1 04/04/2024 Books